Sheaves in geometry and logic : a first introduction to topos theory /
Guardado en:
| Autor Principal: | |
|---|---|
| Otros Autores: | |
| Formato: | Libro |
| Idioma: | English |
| Publicado: |
New York :
Springer-Verlag,
c1992.
|
| Series: | Universitext
|
| Materias: | |
| Etiquetas: |
Agregar Etiqueta
Sin Etiquetas, Sea el primero en etiquetar este registro!
|
| LEADER | 00840pam a2200241 a 4500 | ||
|---|---|---|---|
| 001 | MAT.inmabb003960 | ||
| 008 | 910829s1992####nyua#####b####001#0#eng## | ||
| 005 | 20130405123523.0 | ||
| 245 | 1 | 0 | |a Sheaves in geometry and logic : |b a first introduction to topos theory / |c Saunders Mac Lane, Ieke Moerdijk. |
| 260 | |a New York : |b Springer-Verlag, |c c1992. | ||
| 300 | |a xii, 627 p. : |b il. ; |c 24 cm. | ||
| 490 | 0 | |a Universitext | |
| 504 | |a Incluye referencias bibliográficas (p. 603-612) e índices. | ||
| 510 | 4 | |a MR, |c 96c:03119 | |
| 020 | |a 0387977104 (New York) | ||
| 020 | |a 3540977104 (Berlin) | ||
| 100 | 1 | |a Mac Lane, Saunders, |d 1909-2005. | |
| 700 | 1 | |a Moerdijk, Ieke. | |
| 650 | 0 | |a Toposes. | |
| 084 | |a 03G30 (14F20 18B25 18F20 54B40) |2 msc2000 | ||
| 010 | |a 91033709 | ||
| 040 | |a DLC |c DLC |d DLC | ||
| 859 | |h 03 |i M161 |p A-8380 |b BIB. MATEMATICA | ||
